Statistiques concernant Pays par drapeaux des pays frontaliers n°2

Cliquez ici pour prendre le quiz!

Statistiques générales

  • Ce quiz a été pris 3,666 fois
  • Le résultat moyen est 13 sur 20

Statistiques - réponses

Drapeaux Pays % Correct
Portugal
99%
Monaco
84%
Saint-Marin ou
Vatican
82%
Luxembourg
80%
Finlande
77%
Liechtenstein
76%
Corée du Sud
72%
Maroc
72%
Suriname
72%
Estonie
70%
Mexique
68%
Bhoutan ou Népal
67%
Moldavie
65%

Pakistan
63%
Chili
62%
Yémen ou Émirats
arabes unis
61%
Viêt Nam
57%
Timor oriental ou
Papouasie-Nouvelle-
Guinée
41%
République
dominicaine
41%
Burundi
31%

Distribution des résultats

Percentile par nombre de réponses

% des personnes avec chaque résultat

Votre développement - résultats

Vous n’avez pas pris ce quiz